Statistiche per Comuni della Sardegna

Clicka qui per fare il quiz!

Statistiche generali

  • Questo quiz è stato fatto 19 volte
    (5 dall'ultimo reset)
  • Il punteggio medio è 196 su 377

Statistiche sulle risposte

ProvinciaRisposta% Corretto
Alghero
100%
Barumini
100%
Cabras
100%
Cagliari
100%
Carbonia
100%
Nuoro
100%
Olbia
100%
Orgosolo
100%
Oristano
100%
Sassari
100%
Tempio Pausania
100%
Terralba
100%
Villacidro
100%
Villasimius
100%
Arborea
80%
Sud SardegnaArbus
80%
CagliariAssemini
80%
Badesi
80%
Baradili
80%
Bolotana
80%
Bosa
80%
Buggerru
80%
Capoterra
80%
Cardedu
80%
Carloforte
80%
Castelsardo
80%
Decimomannu
80%
Elmas
80%
Furtei
80%
Genuri
80%
Gesturi
80%
Gonnoscodina
80%
Gonnostramatza
80%
Iglesias
80%
Isili
80%
Lanusei
80%
Lunamatrona
80%
Macomer
80%
Orroli
80%
Pau
80%
Pula
80%
Quartu Sant'Elena
80%
San Gavino Monreale
80%
Sanluri
80%
Sardara
80%
Selargius
80%
Senorbi
80%
Sini
80%
Tortolì
80%
Tuili
80%
Turri
80%
Villamar
80%
OristanoAbbasanta
60%
Ales
60%
Armungia
60%
Arzachena
60%
Assolo
60%
Bari Sardo
60%
Baunei
60%
Bonarcado
60%
Bono
60%
Bonorva
60%
Bortigali
60%
Calasetta
60%
Cuglieri
60%
Decimoputzu
60%
Desulo
60%
Dolianova
60%
Escolca
60%
Esterzili
60%
Fluminimaggiore
60%
Fonni
60%
Fordongianus
60%
Galtellì
60%
Gavoi
60%
Gesico
60%
Gonnesa
60%
Gonnosfanadiga
60%
Gonnosnò
60%
Guspini
60%
Laconi
60%
La Maddalena
60%
Las Plassas
60%
Lula
60%
Luras
60%
Mamoiada
60%
Mandas
60%
Marrubiu
60%
Masullas
60%
Milis
60%
Mogorella
60%
Mogoro
60%
Monserrato
60%
Monti
60%
Musei
60%
Narbolia
60%
Nuragus
60%
Nurallao
60%
Nureci
60%
Nurri
60%
Oliena
60%
Ollolai
60%
Olmedo
60%
Orosei
60%
Orotelli
60%
Ortacesus
60%
Orune
60%
Ottana
60%
Ovodda
60%
Ozieri
60%
Pabillonis
60%
Palau
60%
Pattada
60%
Pauli Arbarei
60%
Paulilatino
60%
Perdasdefogu
60%
Perdaxius
60%
Pompu
60%
Porto Torres
60%
Quartucciu
60%
Sadali
60%
Samassi
60%
San Nicolò d'Arcidano
60%
San Sperate
60%
Sant'Antioco
60%
Sant'Antonio di Gallura
60%
San Teodoro
60%
Santu Lussergiu
60%
Sarroch
60%
Sedilo
60%
Segariu
60%
Selegas
60%
Senis
60%
Serdiana
60%
Serramanna
60%
Serrenti
60%
Serri
60%
Sestu
60%
Seui
60%
Seulo
60%
Siamanna
60%
Siapiccia
60%
Siddi
60%
Siligo
60%
Simaxis
60%
Siniscola
60%
Siris
60%
Solarussa
60%
Sorso
60%
Stintino
60%
Tertenia
60%
Teti
60%
Thiesi
60%
Torralba
60%
Tramatza
60%
Tresnuraghes
60%
Ulassai
60%
Usellus
60%
Uta
60%
Vallermosa
60%
Viddalba
60%
Villamassargia
60%
Villanovaforru
60%
Villanovafranca
60%
Villanova Monteleone
60%
Villaputzu
60%
Villasalto
60%
Villasor
60%
Villaspeciosa
60%
SassariAggius
40%
Aglientu
40%
Aidomaggiore
40%
Alà dei Sardi
40%
Albagiara
40%
Allai
40%
Anela
40%
Ardara
40%
Ardauli
40%
NuoroAritzo
40%
Asuni
40%
Atzara
40%
Austis
40%
Ballao
40%
Banari
40%
Baratili San Pietro
40%
Baressa
40%
Barrali
40%
Bauladu
40%
Benetutti
40%
Berchidda
40%
Bessude
40%
Bidonì
40%
Birori
40%
Bitti
40%
Bonnanaro
40%
Boroneddu
40%
Borore
40%
Bortigiadas
40%
Borutta
40%
Buddusò
40%
Budoni
40%
Bultei
40%
Bulzi
40%
Burcei
40%
Burgos
40%
Busachi
40%
Calangianus
40%
Cargeghe
40%
Castiadas
40%
Cheremule
40%
Chiaramonti
40%
Codrongianos
40%
Collinas
40%
Cossoine
40%
Curcuris
40%
Domus de Maria
40%
Domusnovas
40%
Donori
40%
Dorgali
40%
Dualchi
40%
Elini
40%
Erula
40%
Escalaplano
40%
Esporlatu
40%
Florinas
40%
Flussio
40%
Gadoni
40%
Gairo
40%
Genoni
40%
Gergei
40%
Ghilarza
40%
Giave
40%
Giba
40%
Girasole
40%
Golfo Aranci
40%
Goni
40%
Guamaggiore
40%
Guasila
40%
Ilbono
40%
Illorai
40%
Irgoli
40%
Ittireddu
40%
Ittiri
40%
Jerzu
40%
Laerru
40%
Lei
40%
Loceri
40%
Loculi
40%
Lodè
40%
Lodine
40%
Loiri Porto San Paolo
40%
Lotzorai
40%
Luogosanto
40%
Magomadas
40%
Mara
40%
Maracalagonis
40%
Martis
40%
Masainas
40%
Meana Sardo
40%
Monteleone Rocca Doria
40%
OristanoMontresta
40%
Mores
40%
Morgongiori
40%
Muravera
40%
Muros
40%
Narcao
40%
Neoneli
40%
Noragugume
40%
Norbello
40%
Nughedu San Nicolò
40%
Nughedu Santa Vittoria
40%
Nule
40%
Nulvi
40%
Nurachi
40%
Nuraminis
40%
Nuxis
40%
Ollastra
40%
Olzai
40%
Onanì
40%
Onifai
40%
Oniferi
40%
Orani
40%
Ortueri
40%
Osidda
40%
Osilo
40%
Osini
40%
Ossi
40%
Padria
40%
Palmas Arborea
40%
Perfugas
40%
Pimentel
40%
Piscinas
40%
Ploaghe
40%
Portoscuso
40%
Posada
40%
Pozzomaggiore
40%
Putifigari
40%
Riola Sardo
40%
Romana
40%
Ruinas
40%
Sagama
40%
Samatzai
40%
Samugheo
40%
San Basilio
40%
San Giovanni Suergiu
40%
San Nicolò Gerrei
40%
Santadi
40%
Santa Giusta
40%
Santa Maria Coghinas
40%
Sant'Andrea Frius
40%
Sant'Anna Arresi
40%
Santa Teresa Gallura
40%
San Vero Milis
40%
San Vito
40%
Sarule
40%
Scano di Montiferro
40%
Sedini
40%
SassariSemestene
40%
Seneghe
40%
Sennariolo
40%
Sennori
40%
Settimo San Pietro
40%
Setzu
40%
Siamaggiore
40%
Silanus
40%
Siliqua
40%
Silius
40%
Simala
40%
Sindia
40%
Sinnai
40%
Siurgus Donigala
40%
Soddì
40%
Soleminis
40%
Sorgono
40%
Sorradile
40%
Suelli
40%
Suni
40%
Tadasuni
40%
Talana
40%
Telti
40%
Tergu
40%
Teulada
40%
Tiana
40%
Tinnura
40%
Tissi
40%
Tonara
40%
Torpè
40%
Tratalias
40%
Triei
40%
Trinità d'Agultu e Vignola
40%
Tula
40%
Ula Tirso
40%
Uras
40%
Uri
40%
Urzulei
40%
Usini
40%
Ussana
40%
Ussaramanna
40%
Ussassai
40%
Valledoria
40%
Villagrande Strisaili
40%
Villanova Truschedu
40%
Villanova Tulo
40%
Villa San Pietro
40%
Villa Sant'Antonio
40%
Villaurbana
40%
Villa Verde
40%
Zeddiani
40%
Zerfaliu
40%
Arzana
20%
Belvì
20%
Bottidda
20%
Modolo
20%
Monastir
20%
Oschiri
20%
Villaperuccio
20%
Padru
0%

Distribuzione punteggi

Percentile per numero di risposta

Percentuale di utenti per punteggio

I tuoi punteggi nel tempo

Non hai fatto questo quiz dall'ultimo reset